Escritos de juventud / (Record no. 78775)

MARC details
000 -LEADER
campo de control de longitud fija 00875nam a2200253 i 4500
001 - NÚMERO DE CONTROL
campo de control 78775
003 - IDENTIFICADOR DE NÚMERO DE CONTROL
campo de control ES-MaACL
005 - FECHA Y HORA DE LA ÚLTIMA TRANSACCIÓN
campo de control 20230906173817.0
007 - CAMPO FIJO DE DESCRIPCIÓN FÍSICA--INFORMACIÓN GENERAL
campo de control de longitud fija t|
008 - DATOS DE LONGITUD FIJA--INFORMACIÓN GENERAL
campo de control de longitud fija 041015s1978 mx ||||1| spa d
100 1# - ENTRADA PRINCIPAL--NOMBRE DE PERSONA
Nombre de persona Hegel, Georg Wilhelm Friedrich.
9 (RLIN) 62316
245 10 - MENCIÓN DEL TÍTULO
Título Escritos de juventud /
Mención de responsabilidad, etc. G.W.F. Hegel ; edición, introducción y notas de Jose M. Ripalda ; [traducción de Zoltan Szankay y José María Ripalda].
250 ## - MENCION DE EDICION
Mención de edición [1ª ed.].
260 ## - PUBLICACIÓN, DISTRIBUCIÓN, ETC.
Lugar de publicación, distribución, etc. México :
Nombre del editor, distribuidor, etc. Fondo de Cultura Económica,
Fecha de publicación, distribución, etc. [1978]
300 ## - DESCRIPCIÓN FÍSICA
Extensión 436 p. ;
Dimensiones 22 cm.
490 1# - MENCIÓN DE SERIE
Mención de serie Sección de obras de filosofía
490 1# - MENCIÓN DE SERIE
Mención de serie Textos clásicos
700 1# - ENTRADA AGREGADA--NOMBRE PERSONAL
Nombre de persona Ripalda, José María.
9 (RLIN) 97416
700 1# - ENTRADA AGREGADA--NOMBRE PERSONAL
Nombre de persona Szankay, Zoltan.
9 (RLIN) 108982
830 0# - PUNTO DE ACCESO ADICIONAL DE SERIE-TÍTULO UNIFORME
Título uniforme Sección de obras de filosofía
9 (RLIN) 178631
830 0# - PUNTO DE ACCESO ADICIONAL DE SERIE-TÍTULO UNIFORME
Título uniforme Textos clásicos
9 (RLIN) 183606
852 ## - LOCALIZACIÓN
Ubicación ES-MaACL
Número de control de estantería A-9972
Sublocalización o colección R.98626
Holdings
Estatus retirado Estado de pérdida Estado de daño No para préstamo Biblioteca de origen Biblioteca actual Ubicación en estantería Fecha de adquisición Fuente de adquisición Total de préstamos Signatura topográfica completa Código de barras Visto por última vez Precio de reemplazo Tipo de ítem Koha
        Biblioteca del Ateneo de Madrid Biblioteca del Ateneo de Madrid Depósito 1 17/01/2008     A-9972 1082388 23/02/2023 23/02/2023 Libro impreso